Hunter Killer / (Record no. 3351)
[ view plain ]
| 000 -LEADER | |
|---|---|
| fixed length control field | 00881nam a22002177a 4500 |
| 001 - CONTROL NUMBER | |
| control field | 3351 |
| 003 - CONTROL NUMBER IDENTIFIER | |
| control field | FISKH |
| 005 - DATE AND TIME OF LATEST TRANSACTION | |
| control field | 20240229152053.0 |
| 008 - FIXED-LENGTH DATA ELEMENTS--GENERAL INFORMATION | |
| fixed length control field | 240229b cb ||||| |||| 00| 0 eng d |
| 040 ## - CATALOGING SOURCE | |
| Original cataloging agency | FISK |
| Language of cataloging | eng |
| Transcribing agency | FISK |
| Modifying agency | FISK |
| 050 ## - LIBRARY OF CONGRESS CALL NUMBER | |
| Classification number | PR6068.O1959 |
| 082 ## - DEWEY DECIMAL CLASSIFICATION NUMBER | |
| Classification number | 823.914 |
| 100 ## - MAIN ENTRY--PERSONAL NAME | |
| Personal name | Robinson Patrick : |
| Dates associated with a name | 1963- |
| 245 ## - TITLE STATEMENT | |
| Title | Hunter Killer / |
| Statement of responsibility, etc. | Patrick Robinson |
| 260 ## - PUBLICATION, DISTRIBUTION, ETC. | |
| Place of publication, distribution, etc. | London : |
| Name of publisher, distributor, etc. | William Heinemann, |
| Date of publication, distribution, etc. | 2005 |
| 300 ## - PHYSICAL DESCRIPTION | |
| Extent | 389 pages : |
| Other physical details | illustrations : |
| Dimensions | 24 cm |
| 520 ## - SUMMARY, ETC. | |
| Summary, etc. | The terrifying battle for a desert kingdom has begun, as the oil fields explode and the global economy is plunged into chaos. Former Security Advisor to the President, Admiral Arnold Morgan, must lead the offensive to expose the foulest treachery since World War II before America's worst nightmare becomes reality. |
| 700 ## - ADDED ENTRY--PERSONAL NAME | |
| Personal name | Patrick Robinson |
| 942 ## - ADDED ENTRY ELEMENTS (KOHA) | |
| Source of classification or shelving scheme | Dewey Decimal Classification |
| Koha item type | Books |
| Suppress in OPAC | No |
| Withdrawn status | Lost status | Source of classification or shelving scheme | Damaged status | Not for loan | Collection | Home library | Current library | Shelving location | Date acquired | Total Checkouts | Full call number | Barcode | Date last seen | Copy number | Price effective from | Koha item type |
|---|---|---|---|---|---|---|---|---|---|---|---|---|---|---|---|---|
| Dewey Decimal Classification | Fiction | Footprints International School Library Network Toul Kork Campus | Footprints International School Library Network Toul Kork Campus | TTP Secondary Fiction Bookshelves | 02/29/2024 | ROB PR6068.O1959 823.914 | 2024-0142 | 02/29/2024 | 1 | 02/29/2024 | Books |
